[Event "GBR-ch90"]
[Site "Edinburgh"]
[Date "2003.07.28"]
[Round "7.29"]
[White "Rendle, Thomas"]
[Black "Bigg, Andrew J"]
[Result "1-0"]
[WhiteElo "2240"]
[BlackElo "2287"]
[PlyCount "63"]
[EventDate "2003.07.21"]
[EventType "swiss"]
[EventRounds "11"]
[EventCountry "GBR"]
[SourceTitle "BritBase"]
[Source "John Saunders"]
[SourceDate "2008.07.14"]
[SourceVersion "1"]
[SourceVersionDate "2008.07.14"]
[SourceQuality "2"]

1. e4 Nc6 2. Nf3 e5 3. Bb5 a6 4. Ba4 Nf6 5. O-O Be7 6. Bxc6 dxc6 7. d3 Nd7 8.
Nbd2 c5 9. Nc4 Bf6 10. a4 b6 11. Bd2 O-O 12. Bc3 Re8 13. h3 g6 14. Nh2 Bg7 15.
f4 exf4 16. Bxg7 Kxg7 17. Qd2 g5 18. Qc3+ f6 19. Nf3 h6 20. h4 Ne5 21. Ncxe5
fxe5 22. hxg5 Qe7 23. gxh6+ Kxh6 24. Kf2 Bg4 25. Rh1+ Kg7 26. Rag1 Qf6 27. Rh4
Bxf3 28. gxf3+ Kf8 29. Rhg4 Ke7 30. Qc4 Rf8 31. Rg6 Qh4+ 32. Ke2 1-0

[Event "GBR-ch90"]
[Site "Edinburgh"]
[Date "2003.07.28"]
[Round "7.30"]
[White "Goodger, Martyn"]
[Black "Neelotpal, Das"]
[Result "0-1"]
[WhiteElo "2114"]
[BlackElo "2462"]
[PlyCount "66"]
[EventDate "2003.07.21"]
[EventType "swiss"]
[EventRounds "11"]
[EventCountry "GBR"]
[SourceTitle "BritBase"]
[Source "John Saunders"]
[SourceDate "2008.07.14"]
[SourceVersion "1"]
[SourceVersionDate "2008.07.14"]
[SourceQuality "2"]

1. e4 c5 2. c3 Nf6 3. e5 Nd5 4. Nf3 e6 5. Bc4 d6 6. O-O dxe5 7. Nxe5 Bd6 8. d4
O-O 9. Nd2 cxd4 10. cxd4 Nd7 11. Re1 Qc7 12. Qe2 Nf4 13. Qe3 Ng6 14. Nxf7 Rxf7
15. Bxe6 Bxh2+ 16. Kh1 Nf6 17. Bxf7+ Qxf7 18. Nf3 Bd6 19. Ng5 Qd5 20. Qf3 Bf5
21. Qxd5+ Nxd5 22. Bd2 Nb4 23. Ne4 Bf8 24. Bxb4 Bxb4 25. Re3 Nf4 26. a3 Bf8 27.
Nc3 Nd3 28. Rf3 Bg6 29. b4 Rc8 30. Na4 b6 31. Rd1 Bd6 32. Kg1 Nf4 33. g3 Bh5
0-1

[Event "GBR-ch90"]
[Site "Edinburgh"]
[Date "2003.07.28"]
[Round "7.31"]
[White "Hanley, Craig A"]
[Black "Taylor, Robert M"]
[Result "1-0"]
[WhiteElo "2387"]
[BlackElo "2169"]
[PlyCount "65"]
[EventDate "2003.07.21"]
[EventType "swiss"]
[EventRounds "11"]
[EventCountry "GBR"]
[SourceTitle "BritBase"]
[Source "John Saunders"]
[SourceDate "2008.07.14"]
[SourceVersion "1"]
[SourceVersionDate "2008.07.14"]
[SourceQuality "2"]

1. e4 c6 2. d4 d5 3. e5 Bf5 4. Be3 e6 5. Nd2 Nd7 6. f4 Ne7 7. Ngf3 Qb6 8. Qc1
Rc8 9. Be2 Bg4 10. c4 Nf5 11. c5 Qc7 12. Bf2 h5 13. b4 b6 14. O-O Be7 15. h3
Bxf3 16. Nxf3 h4 17. Bd3 Nf8 18. b5 cxb5 19. Bxb5+ Nd7 20. cxb6 axb6 21. Qxc7
Rxc7 22. Rfc1 Ra7 23. Rc8+ Bd8 24. a4 O-O 25. Rac1 Ne7 26. R8c2 Nf5 27. Be1 g6
28. Bb4 Re8 29. Rc8 Kg7 30. Bd6 Rh8 31. Bc7 Rxc7 32. R1xc7 Bxc7 33. Rxc7 1-0

[Event "GBR-ch90"]
[Site "Edinburgh"]
[Date "2003.07.28"]
[Round "7.32"]
[White "Sowray, Peter J"]
[Black "Karavade, Eesha"]
[Result "1-0"]
[WhiteElo "2346"]
[BlackElo "2218"]
[PlyCount "57"]
[EventDate "2003.07.21"]
[EventType "swiss"]
[EventRounds "11"]
[EventCountry "GBR"]
[SourceTitle "BritBase"]
[Source "John Saunders"]
[SourceDate "2008.07.14"]
[SourceVersion "1"]
[SourceVersionDate "2008.07.14"]
[SourceQuality "2"]

1. c4 e5 2. Nc3 Nf6 3. Nf3 Nc6 4. g3 d5 5. cxd5 Nxd5 6. Bg2 Nb6 7. a3 Be7 8. b4
Be6 9. Rb1 f6 10. d3 O-O 11. O-O a5 12. b5 Nd4 13. Nd2 Nd5 14. Bxd5 Bxd5 15. e3
Be6 16. exd4 Qxd4 17. Bb2 Qxd3 18. Nde4 Qc4 19. Qf3 Rad8 20. Rfd1 b6 21. Qe2
Qb3 22. Nd2 Qc2 23. Nce4 f5 24. Nc3 e4 25. Nf1 Qb3 26. Ne3 f4 27. gxf4 Bxa3 28.
Rxd8 Rxd8 29. Ba1 1-0

[Event "GBR-ch90"]
[Site "Edinburgh"]
[Date "2003.07.28"]
[Round "7.33"]
[White "Meenakshi, Subbaraman"]
[Black "McEwan, Ken B"]
[Result "1-0"]
[WhiteElo "2319"]
[BlackElo "2190"]
[PlyCount "99"]
[EventDate "2003.07.21"]
[EventType "swiss"]
[EventRounds "11"]
[EventCountry "GBR"]
[SourceTitle "BritBase"]
[Source "John Saunders"]
[SourceDate "2008.07.14"]
[SourceVersion "1"]
[SourceVersionDate "2008.07.14"]
[SourceQuality "2"]

1. d4 Nf6 2. c4 e6 3. Nc3 Bb4 4. Qc2 O-O 5. a3 Bxc3+ 6. Qxc3 d6 7. Bg5 Nbd7 8.
f3 c5 9. dxc5 dxc5 10. Nh3 Qc7 11. e3 b6 12. Bd3 h6 13. Bh4 e5 14. Nf2 Bb7 15.
Qc2 Rfe8 16. Ne4 Nxe4 17. Bxe4 Bxe4 18. Qxe4 Nf8 19. O-O-O Ng6 20. Bg3 Rad8 21.
h4 Nf8 22. Rxd8 Qxd8 23. Rd1 Qe7 24. Qc6 Qe6 25. Qxe6 Rxe6 26. Rd8 g5 27. Kc2
f6 28. Kd3 Kf7 29. Ke4 Ng6 30. hxg5 hxg5 31. Be1 Ne7 32. g4 Rc6 33. Bc3 Ke6 34.
f4 exf4 35. exf4 Rc8 36. f5+ Kf7 37. Rd7 Ra8 38. Rc7 Rh8 39. Rxa7 Rh4 40. Kf3
Rh3+ 41. Kf2 Rh4 42. Kg3 Rh1 43. Rb7 Rg1+ 44. Kh3 Rf1 45. Rxb6 Ng8 46. Rb7+ Ne7
47. Rc7 Rf3+ 48. Kg2 Rf4 49. Kg3 Rxc4 50. Bb4 1-0

[Event "GBR-ch90"]
[Site "Edinburgh"]
[Date "2003.07.28"]
[Round "7.34"]
[White "Ahmed, Sk. Nasir"]
[Black "Williams, Samuel G"]
[Result "1/2-1/2"]
[WhiteElo "2283"]
[BlackElo "2150"]
[PlyCount "76"]
[EventDate "2003.07.21"]
[EventType "swiss"]
[EventRounds "11"]
[EventCountry "GBR"]
[SourceTitle "BritBase"]
[Source "John Saunders"]
[SourceDate "2008.07.14"]
[SourceVersion "1"]
[SourceVersionDate "2008.07.14"]
[SourceQuality "2"]

1. e4 e5 2. Nf3 Nf6 3. Nxe5 d6 4. Nf3 Nxe4 5. Qe2 Qe7 6. d3 Nf6 7. Bg5 Qxe2+ 8.
Bxe2 Be7 9. Nc3 c6 10. O-O-O Nbd7 11. d4 Nb6 12. Rhe1 Be6 13. Bd3 O-O-O 14. Bf5
Bxf5 15. Rxe7 Be6 16. Bxf6 gxf6 17. d5 Nxd5 18. Nxd5 Bxd5 19. Re3 Rhe8 20. Rd4
Rxe3 21. fxe3 Re8 22. Kd2 Re4 23. Rd3 Kd7 24. Ne1 h5 25. h3 Re5 26. Rd4 c5 27.
Rf4 Ke7 28. Nf3 Bxf3 29. gxf3 Rg5 30. Rh4 d5 31. Kd3 Ke6 32. b3 b5 33. a4 a6
34. c3 Rg2 35. axb5 axb5 36. c4 dxc4+ 37. bxc4 bxc4+ 38. Kxc4 Rg3 1/2-1/2

[Event "GBR-ch90"]
[Site "Edinburgh"]
[Date "2003.07.28"]
[Round "7.35"]
[White "Mitchell, Martin"]
[Black "Grant, Jonathan"]
[Result "1-0"]
[WhiteElo "2132"]
[BlackElo "2271"]
[PlyCount "119"]
[EventDate "2003.07.21"]
[EventType "swiss"]
[EventRounds "11"]
[EventCountry "GBR"]
[SourceTitle "BritBase"]
[Source "John Saunders"]
[SourceDate "2008.07.14"]
[SourceVersion "1"]
[SourceVersionDate "2008.07.14"]
[SourceQuality "2"]

1. d4 Nf6 2. c4 e6 3. Nc3 Bb4 4. e3 c5 5. Nge2 cxd4 6. exd4 O-O 7. a3 Be7 8. d5
exd5 9. cxd5 Bc5 10. b4 Bd6 11. Bg5 Re8 12. g3 Be5 13. Rc1 d6 14. Bg2 Bg4 15.
f3 Bf5 16. g4 Bd7 17. O-O h6 18. Bh4 a6 19. Kh1 Bc8 20. f4 Bxc3 21. Nxc3 h5 22.
Ne4 Bxg4 23. Bxf6 gxf6 24. Qd4 Nd7 25. Nxd6 Re2 26. h3 Qe7 27. Nxb7 Bf5 28. Bf3
Be4 29. Rf2 Kh8 30. Rg1 Rc8 31. Bxe4 Rxf2 32. Qxf2 Qxe4+ 33. Qg2 Qxg2+ 34. Kxg2
Rc2+ 35. Kf3 Rc3+ 36. Ke4 Rxa3 37. Nc5 Nb6 38. d6 Ra2 39. Rd1 Re2+ 40. Kf5 Re8
41. d7 Nxd7 42. Rxd7 Kg7 43. Nxa6 Re6 44. b5 Rb6 45. Rd5 Kf8 46. Nc5 Ke8 47.
Nd7 Rb7 48. Nxf6+ Kf8 49. Nxh5 Kg8 50. Nf6+ Kg7 51. Ne4 Kh6 52. Nd6 Rb8 53.
Nxf7+ Kh5 54. Ke6+ Kg6 55. f5+ Kh7 56. f6 Re8+ 57. Kd7 Rb8 58. Kc7 Rf8 59. Ng5+
Kg6 60. f7 1-0

[Event "GBR-ch90"]
[Site "Edinburgh"]
[Date "2003.07.28"]
[Round "7.36"]
[White "Eggleston, Thomas"]
[Black "Broomfield, Matthew"]
[Result "0-1"]
[WhiteElo "2040"]
[BlackElo "2249"]
[PlyCount "92"]
[EventDate "2003.07.21"]
[EventType "swiss"]
[EventRounds "11"]
[EventCountry "GBR"]
[SourceTitle "BritBase"]
[Source "John Saunders"]
[SourceDate "2008.07.14"]
[SourceVersion "1"]
[SourceVersionDate "2008.07.14"]
[SourceQuality "2"]

1. e4 e6 2. d4 d5 3. Nd2 Be7 4. Bd3 c5 5. dxc5 Nf6 6. Qe2 Nc6 7. Ngf3 Nb4 8.
O-O Nxd3 9. cxd3 Bxc5 10. Nb3 Be7 11. Bg5 h6 12. Bh4 Bd7 13. e5 Ng8 14. Bg3 a5
15. Rac1 b6 16. Nfd4 a4 17. Nd2 Bc5 18. Nc2 Bb5 19. Qf3 h5 20. Rfe1 g5 21. d4
Be7 22. h3 h4 23. Bh2 Nh6 24. Na3 Ba6 25. Nf1 b5 26. Ne3 Qb6 27. Nac2 b4 28. b3
axb3 29. axb3 Rc8 30. Qh5 Bd3 31. f4 Bg6 32. Qf3 Rc3 33. fxg5 Bxg5 34. Bf4 Be4
35. Qf2 Bxf4 36. Qxf4 Nf5 37. Nxf5 exf5 38. e6 fxe6 39. Qe5 Rg8 40. Ne3 Kf7 41.
Kh1 Qb8 42. Qxb8 Rxb8 43. Kg1 Rxb3 44. Rc7+ Kf6 45. Rh7 Rxe3 46. Rxe3 b3 0-1

[Event "GBR-ch90"]
[Site "Edinburgh"]
[Date "2003.07.28"]
[Round "7.37"]
[White "Meyer, Gordon"]
[Black "Ashton, Adam"]
[Result "1/2-1/2"]
[WhiteElo "2175"]
[BlackElo "2234"]
[PlyCount "66"]
[EventDate "2003.07.21"]
[EventType "swiss"]
[EventRounds "11"]
[EventCountry "GBR"]
[SourceTitle "BritBase"]
[Source "John Saunders"]
[SourceDate "2008.07.14"]
[SourceVersion "1"]
[SourceVersionDate "2008.07.14"]
[SourceQuality "2"]

1. e4 e5 2. Nf3 Nc6 3. Bb5 a6 4. Ba4 Nf6 5. O-O Be7 6. Re1 b5 7. Bb3 O-O 8. a4
Bb7 9. d3 d6 10. c3 Qd7 11. Nbd2 h6 12. Nf1 Na5 13. Bc2 c5 14. Ng3 Rfe8 15. h3
Bf8 16. Nh4 g6 17. b4 cxb4 18. cxb4 Nc6 19. Bb3 Kh7 20. Bb2 Bg7 21. f4 exf4 22.
Rf1 Nxe4 23. Rxf4 Ng5 24. Bxg7 Kxg7 25. Nh5+ gxh5 26. Qxh5 Re5 27. Raf1 Nxh3+
28. gxh3 Rxh5 29. Rxf7+ Qxf7 30. Rxf7+ Kg8 31. Rf5+ Kg7 32. Rf7+ Kg8 33. Rf5+
Kg7 1/2-1/2

[Event "GBR-ch90"]
[Site "Edinburgh"]
[Date "2003.07.28"]
[Round "7.38"]
[White "Vujatovic, Rajko"]
[Black "Munson, Shaun D"]
[Result "0-1"]
[WhiteElo "2265"]
[BlackElo "2112"]
[PlyCount "122"]
[EventDate "2003.07.21"]
[EventType "swiss"]
[EventRounds "11"]
[EventCountry "GBR"]
[SourceTitle "BritBase"]
[Source "John Saunders"]
[SourceDate "2008.07.14"]
[SourceVersion "1"]
[SourceVersionDate "2008.07.14"]
[SourceQuality "2"]

1. f4 d5 2. Nf3 Nf6 3. e3 Bg4 4. h3 Bxf3 5. Qxf3 c6 6. b3 Nbd7 7. Bb2 Qc7 8. c4
e5 9. fxe5 Nxe5 10. Qf5 Ned7 11. cxd5 Bd6 12. dxc6 Bg3+ 13. Kd1 bxc6 14. Nc3
O-O 15. Rc1 Rad8 16. Bc4 Ne5 17. Ne2 Qd6 18. Rc2 g6 19. Bxe5 Bxe5 20. Qf3 Nd5
21. Bxd5 cxd5 22. d4 Bg7 23. Nf4 Rc8 24. Nd3 Rce8 25. Nf4 Re4 26. Re1 Rfe8 27.
Ree2 Bh6 28. g3 Qf6 29. h4 Bxf4 30. gxf4 Qxh4 31. Rc7 Qd8 32. Rxa7 Qb6 33. Ra4
Qb5 34. Ke1 Qd3 35. Kf2 Rc8 36. Ra5 Rc1 37. Rxd5 Qd1 38. Qg2 Rc2 39. Rxc2 Qxc2+
40. Kg1 Qc1+ 41. Kh2 Qxe3 42. Re5 Qxf4+ 43. Qg3 Qd2+ 44. Kh3 Rxd4 45. Re8+ Kg7
46. Qe5+ Kh6 47. Qe3+ Qxe3+ 48. Rxe3 f5 49. a3 g5 50. b4 g4+ 51. Kg2 Kg5 52. b5
Rd2+ 53. Kf1 f4 54. Rb3 f3 55. b6 Kf4 56. Rb1 Rh2 57. Kg1 Kg3 58. Rb3 Rg2+ 59.
Kh1 Ra2 60. Rb1 Kh3 61. b7 g3 0-1

[Event "GBR-ch90"]
[Site "Edinburgh"]
[Date "2003.07.28"]
[Round "7.40"]
[White "Jackson, Adrian"]
[Black "Rutherford, Elaine"]
[Result "1-0"]
[WhiteElo "2228"]
[BlackElo "2061"]
[PlyCount "47"]
[EventDate "2003.07.21"]
[EventType "swiss"]
[EventRounds "11"]
[EventCountry "GBR"]
[SourceTitle "BritBase"]
[Source "John Saunders"]
[SourceDate "2008.07.14"]
[SourceVersion "1"]
[SourceVersionDate "2008.07.14"]
[SourceQuality "2"]

1. e4 d5 2. exd5 Qxd5 3. Nc3 Qa5 4. d4 Nf6 5. Bc4 c6 6. Nf3 Bf5 7. Bd2 e6 8.
Nd5 Qd8 9. Nxf6+ Qxf6 10. Qe2 Bd6 11. d5 cxd5 12. Bxd5 Nc6 13. Bc3 Qe7 14.
Bxc6+ bxc6 15. Bxg7 Rg8 16. Be5 Bxe5 17. Nxe5 Rxg2 18. O-O-O Qc5 19. Rd2 Rg7
20. Rhd1 f6 21. Qh5+ Bg6 22. Qh6 Qf8 23. Nxc6 Kf7 24. Nd8+ 1-0

[Event "GBR-ch90"]
[Site "Edinburgh"]
[Date "2003.07.28"]
[Round "7.41"]
[White "Gordon, Stephen J"]
[Black "Walton, Alan J"]
[Result "1-0"]
[WhiteElo "2216"]
[BlackElo "2158"]
[PlyCount "103"]
[EventDate "2003.07.21"]
[EventType "swiss"]
[EventRounds "11"]
[EventCountry "GBR"]
[SourceTitle "BritBase"]
[Source "John Saunders"]
[SourceDate "2008.07.14"]
[SourceVersion "1"]
[SourceVersionDate "2008.07.14"]
[SourceQuality "2"]

1. d4 f5 2. Nf3 Nf6 3. g3 e6 4. Bg2 Be7 5. O-O O-O 6. c4 d6 7. Nc3 Ne4 8. Qc2
Nxc3 9. Qxc3 Nc6 10. d5 Bf6 11. Qc2 Nb4 12. Qd2 a5 13. a3 Na6 14. Qxa5 e5 15.
Qd2 Nc5 16. Ra2 Nb3 17. Qc3 Nxc1 18. Rxc1 e4 19. Nd4 c5 20. dxc6 bxc6 21. Qd2
Qb6 22. e3 Be5 23. b4 c5 24. Nb5 Be6 25. a4 cxb4 26. Qxb4 Qa5 27. Qa3 Rfb8 28.
Bf1 Kh8 29. Nxd6 Rb4 30. Nb5 h6 31. Rac2 Bd7 32. Rd1 Bc6 33. Rcd2 Bf6 34. h4
Be7 35. Qa1 Bf6 36. Qc1 Rxa4 37. Rd6 Rc8 38. Qd2 Qxd2 39. R6xd2 Be7 40. Nd4 Ra5
41. Nxc6 Rxc6 42. Rd5 Rac5 43. h5 Kg8 44. Bh3 Rxc4 45. Bxf5 Rf6 46. Re5 Rxf5
47. Rxf5 Bf6 48. Rd7 Rc6 49. Rb5 Re6 50. Rc7 Kh7 51. Rc4 Be7 52. Ra5 1-0

[Event "GBR-ch90"]
[Site "Edinburgh"]
[Date "2003.07.28"]
[Round "7.42"]
[White "Dignam, Matthew P"]
[Black "Coleman, James"]
[Result "1-0"]
[WhiteElo "2124"]
[BlackElo "2211"]
[PlyCount "59"]
[EventDate "2003.07.21"]
[EventType "swiss"]
[EventRounds "11"]
[EventCountry "GBR"]
[SourceTitle "BritBase"]
[Source "John Saunders"]
[SourceDate "2008.07.14"]
[SourceVersion "1"]
[SourceVersionDate "2008.07.14"]
[SourceQuality "2"]

1. d4 d5 2. Nf3 Nf6 3. e3 Bf5 4. Bd3 Bxd3 5. cxd3 e6 6. O-O c5 7. dxc5 Bxc5 8.
Qe2 Nc6 9. e4 O-O 10. Bg5 Be7 11. Nbd2 Rc8 12. Rac1 Qa5 13. Rxc6 Rxc6 14. e5
Rc2 15. exf6 Bxf6 16. Bxf6 gxf6 17. Qe3 Rfc8 18. Qh6 Rxb2 19. Qxf6 Qc3 20. Ne5
Rxd2 21. Qxf7+ Kh8 22. Qf6+ Kg8 23. Qxe6+ Kh8 24. Qf6+ Kg8 25. Qg5+ Kf8 26. Re1
Rc7 27. Qh6+ Kg8 28. Nf3 Rxd3 29. Re8+ Kf7 30. Qe6+ 1-0

[Event "GBR-ch90"]
[Site "Edinburgh"]
[Date "2003.07.28"]
[Round "7.43"]
[White "Adams, David M"]
[Black "Kafka, Graeme"]
[Result "1/2-1/2"]
[WhiteElo "2172"]
[BlackElo "2170"]
[PlyCount "67"]
[EventDate "2003.07.21"]
[EventType "swiss"]
[EventRounds "11"]
[EventCountry "GBR"]
[SourceTitle "BritBase"]
[Source "John Saunders"]
[SourceDate "2008.07.14"]
[SourceVersion "1"]
[SourceVersionDate "2008.07.14"]
[SourceQuality "2"]

1. e4 c5 2. c3 d5 3. d3 dxe4 4. dxe4 Qxd1+ 5. Kxd1 Nc6 6. Nf3 Nf6 7. Nbd2 g6 8.
Bd3 Bg7 9. Nc4 O-O 10. a4 Rd8 11. Ke2 h6 12. Be3 b6 13. Nfe5 Nxe5 14. Nxe5 Bb7
15. f3 Ne8 16. Ng4 h5 17. Nf2 Nd6 18. g4 hxg4 19. Nxg4 f5 20. Nf2 e5 21. Bg5
Re8 22. Rhg1 Kf7 23. Rad1 Bf6 24. h4 Rh8 25. exf5 gxf5 26. Bxf5 Bxf3+ 27. Kxf3
Nxf5 28. Ke4 Ke6 29. Rd5 Bg7 30. Rgd1 Raf8 31. Ng4 Ng3+ 32. Ke3 Nf5+ 33. Ke4
Ng3+ 34. Ke3 1/2-1/2

[Event "GBR-ch90"]
[Site "Edinburgh"]
[Date "2003.07.28"]
[Round "7.44"]
[White "Gourlay, Iain"]
[Black "Guthrie, David"]
[Result "1-0"]
[WhiteElo "2284"]
[BlackElo "2183"]
[PlyCount "87"]
[EventDate "2003.07.21"]
[EventType "swiss"]
[EventRounds "11"]
[EventCountry "GBR"]
[SourceTitle "BritBase"]
[Source "John Saunders"]
[SourceDate "2008.07.14"]
[SourceVersion "1"]
[SourceVersionDate "2008.07.14"]
[SourceQuality "2"]

1. Nf3 d5 2. g3 Nf6 3. Bg2 e6 4. O-O Be7 5. c4 O-O 6. b3 c5 7. Bb2 Nc6 8. e3 d4
9. exd4 cxd4 10. Re1 Ne8 11. d3 f6 12. Na3 e5 13. Nc2 a5 14. a3 Nc7 15. Qd2 Na6
16. Rab1 Nc5 17. b4 Na4 18. Nh4 Qc7 19. Qe2 g5 20. b5 Nd8 21. Nf3 Bd6 22. Nd2
Ne6 23. Bd5 Nac5 24. Ne4 Kh8 25. Nxc5 Nxc5 26. f4 gxf4 27. gxf4 Ne6 28. Bc1 Bd7
29. Kh1 Rae8 30. f5 Ng7 31. Bh6 Bxf5 32. Rg1 Re7 33. Rbf1 Qd7 34. Rg3 Be6 35.
Bxe6 Qxe6 36. Nxd4 Qd7 37. Rfg1 Rff7 38. Nc2 f5 39. Qh5 Bc5 40. R1g2 b6 41. Qf3
Qc8 42. Qc6 Qxc6 43. bxc6 Bd6 44. Ne3 1-0

[Event "GBR-ch90"]
[Site "Edinburgh"]
[Date "2003.07.28"]
[Round "7.45"]
[White "Lim Chin Lee"]
[Black "Gilbert, Jessie L"]
[Result "1-0"]
[WhiteElo "2119"]
[BlackElo "2109"]
[PlyCount "113"]
[EventDate "2003.07.21"]
[EventType "swiss"]
[EventRounds "11"]
[EventCountry "GBR"]
[SourceTitle "BritBase"]
[Source "John Saunders"]
[SourceDate "2008.07.14"]
[SourceVersion "1"]
[SourceVersionDate "2008.07.14"]
[SourceQuality "2"]

1. d4 Nf6 2. Nf3 g6 3. g3 Bg7 4. Bg2 O-O 5. O-O d6 6. c4 Nc6 7. d5 Nb8 8. Nc3
e6 9. e4 exd5 10. cxd5 Re8 11. Ne1 Na6 12. Nd3 Ng4 13. Rb1 f5 14. Nf4 Nf6 15.
exf5 Bxf5 16. Ne6 Qd7 17. Nxg7 Kxg7 18. Ra1 Nb4 19. Bg5 Qf7 20. Qd2 a5 21. a3
Na6 22. Ne2 Nc5 23. Nd4 Nfe4 {(=)} 24. Nxf5+ Qxf5 25. Bh6+ Kg8 26. Qd4 Qe5 27.
Qxe5 Rxe5 28. b4 Nd7 29. Rac1 Rc8 30. Bh3 Nef6 31. Bf4 Ree8 32. Bg5 Kf7 33.
Bxf6 Nxf6 34. Bxc8 Rxc8 35. Rfd1 axb4 36. axb4 Ke7 37. Rc3 Kd7 38. Rf3 Rf8 39.
Re1 h5 40. b5 Nh7 41. Rxf8 Nxf8 42. h4 Nh7 43. Re6 Nf8 44. Re4 Nh7 45. Kg2 Nf8
46. Kf3 Nh7 47. Kf4 Nf6 48. Rd4 Nh7 49. f3 Ke7 50. Re4+ Kd7 51. g4 hxg4 52.
fxg4 Nf6 53. Rd4 Ng8 54. h5 gxh5 55. gxh5 c6 56. Kg5 cxd5 57. Rxd5 1-0

[Event "GBR-ch90"]
[Site "Edinburgh"]
[Date "2003.07.28"]
[Round "7.46"]
[White "Buckley, Melanie"]
[Black "Simmons, Matthew"]
[Result "1/2-1/2"]
[WhiteElo "2130"]
[BlackElo "2176"]
[PlyCount "55"]
[EventDate "2003.07.21"]
[EventType "swiss"]
[EventRounds "11"]
[EventCountry "GBR"]
[SourceTitle "BritBase"]
[Source "John Saunders"]
[SourceDate "2008.07.14"]
[SourceVersion "1"]
[SourceVersionDate "2008.07.14"]
[SourceQuality "2"]

1. e4 c6 2. d4 d5 3. e5 Bf5 4. Nf3 a6 5. Be2 e6 6. O-O Nd7 7. b3 Ne7 8. c4 Ng6
9. Re1 Be7 10. Ba3 O-O 11. Bxe7 Qxe7 12. Nc3 dxc4 13. bxc4 Rfd8 14. Bf1 Rac8
15. h3 Nh4 16. Bd3 Bxd3 17. Qxd3 Nc5 18. Qe3 Nxf3+ 19. gxf3 Nd7 20. Kh2 Nb6 21.
c5 Nd5 22. Nxd5 Rxd5 23. Rab1 Rcd8 24. Red1 R8d7 25. Rbc1 Qd8 26. Rc4 Qa5 27.
a3 Qc7 28. f4 1/2-1/2

[Event "GBR-ch90"]
[Site "Edinburgh"]
[Date "2003.07.28"]
[Round "7.47"]
[White "Walton, Colin"]
[Black "Clarke, Thomas M"]
[Result "1-0"]
[WhiteElo "2135"]
[BlackElo "2128"]
[PlyCount "81"]
[EventDate "2003.07.21"]
[EventType "swiss"]
[EventRounds "11"]
[EventCountry "GBR"]
[SourceTitle "BritBase"]
[Source "John Saunders"]
[SourceDate "2008.07.14"]
[SourceVersion "1"]
[SourceVersionDate "2008.07.14"]
[SourceQuality "2"]

1. e4 e5 2. Nf3 Nc6 3. Bb5 f5 4. d4 fxe4 5. Bxc6 dxc6 6. Nxe5 Nf6 7. Bg5 Bd6 8.
Qe2 c5 9. Nc4 O-O 10. Nxd6 cxd6 11. Qc4+ d5 12. Qxc5 b6 13. Qb5 Qd6 14. Nc3 Bb7
15. h3 Ne8 16. Be3 Nc7 17. Qb3 Qg6 18. O-O-O a5 19. a4 Kh8 20. h4 Qe6 21. h5
Ba6 22. h6 g6 23. Rh4 Qd6 24. g3 Bc4 25. Nxe4 Qc6 26. Qc3 Qxa4 27. b3 Qa3+ 28.
Qb2 Qxb2+ 29. Kxb2 Bxb3 30. cxb3 dxe4 31. d5 b5 32. Rxe4 a4 33. Re7 Ne8 34. d6
a3+ 35. Ka1 Rd8 36. d7 Nf6 37. Bc5 g5 38. Rg7 Rg8 39. Bd4 Rgf8 40. Rxg5 b4 41.
Rf5 1-0

[Event "GBR-ch90"]
[Site "Edinburgh"]
[Date "2003.07.29"]
[Round "8.1"]
[White "Rahman, Ziaur"]
[Black "Kunte, Abhijit"]
[Result "0-1"]
[WhiteElo "2521"]
[BlackElo "2515"]
[PlyCount "86"]
[EventDate "2003.07.21"]
[EventType "swiss"]
[EventRounds "11"]
[EventCountry "GBR"]
[SourceTitle "BritBase"]
[Source "John Saunders"]
[SourceDate "2008.07.14"]
[SourceVersion "1"]
[SourceVersionDate "2008.07.14"]
[SourceQuality "2"]

1. Nf3 Nf6 2. c4 e6 3. g3 d5 4. d4 Bb4+ 5. Bd2 Be7 6. Bg2 c6 7. Qc2 O-O 8. O-O
Nbd7 9. Rd1 b6 10. Bf4 Ba6 11. Ne5 Qc8 12. cxd5 cxd5 13. Nc3 Bb4 14. Rac1 Bxc3
15. bxc3 Nh5 16. e4 Bb7 17. c4 Nxf4 18. gxf4 dxe4 19. c5 Bd5 20. Bxe4 Nf6 21.
Bxd5 Nxd5 22. Qe4 Qd8 23. Kh1 Qh4 24. Nd3 Rfd8 25. Rg1 Qf6 26. Rg4 Rac8 27. Rg5
g6 28. Kg2 Ne7 29. Ne5 Rd5 30. c6 Nf5 31. Rc3 h6 32. Rg4 Rxd4 33. Nd7 Qg7 34.
Qe1 h5 35. Rg5 Rxf4 36. Kh1 Qd4 37. f3 Ne7 38. Ne5 Qd6 39. Rd3 Rd4 40. Rxd4
Qxd4 41. Rg2 Qf4 42. Qc3 Qf5 43. Qa3 f6 0-1

[Event "GBR-ch90"]
[Site "Edinburgh"]
[Date "2003.07.29"]
[Round "8.2"]
[White "Harikrishna, Pentala"]
[Black "Vijayalakshmi, Subbaraman"]
[Result "1-0"]
[WhiteElo "2558"]
[BlackElo "2435"]
[PlyCount "108"]
[EventDate "2003.07.21"]
[EventType "swiss"]
[EventRounds "11"]
[EventCountry "GBR"]
[SourceTitle "BritBase"]
[Source "John Saunders"]
[SourceDate "2008.07.14"]
[SourceVersion "1"]
[SourceVersionDate "2008.07.14"]
[SourceQuality "2"]

1. d4 Nf6 2. c4 e6 3. g3 Bb4+ 4. Bd2 Be7 5. Bg2 d5 6. Nf3 c6 7. Qb3 O-O 8. O-O
b6 9. Bf4 dxc4 10. Qxc4 Ba6 11. Qc2 Nd5 12. Nc3 Nxf4 13. gxf4 Nd7 14. Rfd1 Qc7
15. e3 Rac8 16. Rac1 Bb7 17. Ne5 Nxe5 18. fxe5 c5 19. d5 exd5 20. Nxd5 Bxd5 21.
Rxd5 Rcd8 22. Rcd1 Rxd5 23. Rxd5 Rd8 24. Qa4 g6 25. f4 Rxd5 26. Qe8+ Bf8 27.
Bxd5 Qe7 28. Qc8 Kg7 29. Kg2 Qh4 30. Qd7 Qe7 31. Qc6 g5 32. Qc8 f6 33. Qf5 gxf4
34. Be4 Kf7 35. exf4 Bg7 36. Bd5+ Kf8 37. Qxh7 Ke8 38. Qg8+ Qf8 39. Qe6+ Kd8
40. Bc6 Qe7 41. Qd5+ Kc7 42. Bb5 fxe5 43. Qc6+ Kd8 44. Qa8+ Kc7 45. Qxa7+ Kd6
46. Qxb6+ Kd5 47. Bc6+ Ke6 48. Be4+ Qd6 49. f5+ Ke7 50. Qxd6+ Kxd6 51. b3 Bf6
52. Kf3 Ke7 53. Ke2 Bh4 54. a4 Ke8 1-0